| 000 | 01768nam a22002657a 4500 | ||
|---|---|---|---|
| 999 |
_c4781 _d4781 |
||
| 003 | DO-SdBJH | ||
| 005 | 20210512214623.0 | ||
| 008 | 180903b ||||| |||| 00| 0 spa d | ||
| 040 |
_aDO-SdBJH _bspa _cDO-SdBJH |
||
| 090 |
_aTG EGAEE _b01286 2017 |
||
| 100 | 1 |
_aAbréu Acosta, Amaly _esustentante |
|
| 245 | 1 | 0 |
_aAnálisis del impacto en los sectores transporte y energía de la economía dominicana del acuerdo de Petrocaribe 2012-2015 / _cAmaly Abréu Acosta, Inés Elizabeth Rivera De la Cruz, asesores César A. Thomas Castillo, Rafael Antonio Quezada Pérez |
| 260 |
_aSanto Domingo : _bINSUDE, _c2017 |
||
| 300 | _axvi, 74 páginas, ilustraciones-cuadros-gráficos-tablas | ||
| 502 | _aTesis (Maestría en Defensa y Seguridad Nacional) -- Instituto Superior para la Defensa (INSUDE). Instituto de Graduados en Altos Estudios Estratégico, 2017 | ||
| 504 | _a Incluye referencias bibliográficas e índices | ||
| 505 | _aAspectos generales del acuerdo de cooperación energética petrocaribe. -- Participación de petrocaribe en los sectores y energía d ela economía dominicana. -- Análisis del impacto del acuerdo de petrocaribe en los sectores transporte y energía de la economía dominicana, periodo 2012-2015. -- | ||
| 650 | 4 | _aAnálisis del impacto de petrocaribe en la economía -- Sectores transporte y energía | |
| 651 | 4 | _aRepública Dominicana. Instituto Superior para la Defensa -- Escuela de Graduados de Altos Estudios Estratégicos | |
| 700 | 1 |
_eRivera De la Cruz, Inés Elizabeth _dsustentante |
|
| 700 | 1 |
_aThomas Castillo, César A. _easesor |
|
| 700 | 1 |
_aQuezada Pérez, Rafael Antonio _easesor |
|
| 830 | _aINSUDE. Instituto de Graduados en Altos Estudios Estratégico. Tesis y disertaciones académicas | ||
| 942 |
_2ddc _cT |
||